Computer system architecture (Record no. 865)

MARC details
000 -LEADER
fixed length control field 00469 a2200181 4500
001 - CONTROL NUMBER
control field 066869
003 - CONTROL NUMBER IDENTIFIER
control field OSt
005 - DATE AND TIME OF LATEST TRANSACTION
control field 20211020102232.0
008 - FIXED-LENGTH DATA ELEMENTS--GENERAL INFORMATION
fixed length control field
082 ## - DEWEY DECIMAL CLASSIFICATION NUMBER
Classification number 004
Item number M31C
100 1# - MAIN ENTRY--PERSONAL NAME
Personal name Mano, M. Morris
245 1# - TITLE STATEMENT
Title Computer system architecture
Statement of responsibility, etc by M. Morris Mano
250 ## - EDITION STATEMENT
Edition statement 3rd ed.
260 ## - PUBLICATION, DISTRIBUTION, ETC. (IMPRINT)
Place of publication, distribution, etc New Delhi
Name of publisher, distributor, etc Pearson
Date of publication, distribution, etc 2008
300 ## - PHYSICAL DESCRIPTION
Extent 520p.
690 ## - LOCAL SUBJECT ADDED ENTRY--TOPICAL TERM (OCLC, RLIN)
Topical term or geographic name as entry element Computer architecture; Electronic digital computers
942 ## - ADDED ENTRY ELEMENTS (KOHA)
Source of classification or shelving scheme Dewey Decimal Classification
Koha item type Books
Holdings
Withdrawn status Lost status Source of classification or shelving scheme Damaged status Not for loan Collection code Home library Current library Date acquired Source of acquisition Cost, normal purchase price Total Checkouts Full call number Barcode Date last seen Date checked out Price effective from Koha item type
    Dewey Decimal Classification     General Text Book Central University Of Rajasthan Central University Of Rajasthan 07/03/2012 CSC 265.00 3 004 M31C 1347 17/07/2025 17/07/2025 02/09/2020 Books
    Dewey Decimal Classification     General Text Book Central University Of Rajasthan Central University Of Rajasthan 07/03/2012 CSC 265.00 8 004 M31C 1155 26/11/2025 10/11/2025 02/09/2020 Books